Dôsledky a opatrenia vyplývajúce z poslednej celosvetovej finančnej krízy bakalárska práca

Guardado en:
Detalles Bibliográficos
Autor principal: Sieber, Jakub, 1992-
Autor Corporativo: Podnikovohospodárska fakulta EU so sídlom v Košiciach. Katedra ekonómie
Otros Autores: Lacko, Roman, 1988-
Formato: Libro
Lenguaje:eslovaco
Publicado: Košice 2018
Etiquetas: Agregar Etiqueta
Sin Etiquetas, Sea el primero en etiquetar este registro!

MARC

LEADER 00000nbm a2200000 4500
001 0245746
005 20240827092110.7
041 0 |a slo 
044 |a SK 
245 1 0 |a Dôsledky a opatrenia vyplývajúce z poslednej celosvetovej finančnej krízy  |b bakalárska práca  |c Jakub Sieber ; školiteľ: Roman Lacko 
264 1 |a Košice  |c 2018 
300 |a 56 s. 
100 1 |a Sieber, Jakub, 1992- 
700 1 |a Lacko, Roman, 1988- 
710 2 |a Podnikovohospodárska fakulta EU so sídlom v Košiciach. Katedra ekonómie